Normal view
MARC view
- Hameed Taga,Abdul Prof
Entry Personal Name
001 - CONTROL NUMBER
- control field: 2434
003 - CONTROL NUMBER IDENTIFIER
- control field: NUST
005 - DATE AND TIME OF LATEST TRANSACTION
- control field: 20170612111300.0
008 - FIXED-LENGTH DATA ELEMENTS
- fixed length control field: 170612|| aca||aabn | a|a d
040 ## - CATALOGING SOURCE
- Original cataloging agency: NUST
- Transcribing agency: NUST
100 ## - HEADING--PERSONAL NAME
- Personal name: Hameed Taga,Abdul Prof
670 ## - SOURCE DATA FOUND
- Source citation: Work cat.: (NUST)0: Hameed Taga,Abdul Prof, Theory & research in Sociology, 2007
